| 000 | 01769cam a2200433 i 4500 | ||
|---|---|---|---|
| 001 | 14050398 | ||
| 003 | EG-ScBUE | ||
| 005 | 20250731115438.0 | ||
| 006 | m||||fq||h 00| 0 | ||
| 008 | 050725t2006 nyua f bf 001 0 eng d | ||
| 020 | _a9780387208022 (acid-free paper) | ||
| 020 | _a038720802X (acid-free paper) | ||
| 040 |
_aNLC _beng _erda _cNLC _dMUB _dDLC _dEG-ScBUE |
||
| 082 | 0 | 4 |
_222 _a539.7 _bSPR |
| 245 | 0 | 0 |
_aSpringer handbook of atomic, molecular, and optical physics / _ceditor Gordon W. F. Drake. |
| 246 | 3 | 0 | _aHandbook of atomic, molecular, and optical physics |
| 246 | 3 | 0 | _aAtomic, molecular and optical physics |
| 264 | 1 |
_aNew York : _bSpringer, _c[2006] |
|
| 264 | 4 | _cc2006 | |
| 300 |
_alviii, 1504 pages : _billustrations ; _c25 cm + _e1 CD |
||
| 336 |
_2rdacontent _atext _btxt |
||
| 336 |
_2rdacontent _asounds _bsnd |
||
| 337 |
_aunmediated _2rdamedia _bn |
||
| 337 |
_aaudio _2rdamedia _bs |
||
| 338 |
_avolume _bnc _2rdacarrier |
||
| 338 |
_acomputer disc _bcd _2rdacarrier |
||
| 500 | _aAccompanying CD-ROM contains ... "a fully searchable ... version of the contents"--P. [4] of cover. | ||
| 504 | _aIncludes bibliographical references and index. | ||
| 538 | _aSystem requirements for accompanying CD-ROM: 95/98/ME 32MB RAM, Windows NT 4/2000/XP 64 MB RAM; MAC OS9 or higher, 64 MB RAM, 333 MHz recommemded; LINUX Pentium I/166 MHz, 64 MB RAM. | ||
| 650 | 7 |
_aAtoms _vHandbooks, manuals, etc. _2BUEsh |
|
| 650 | 7 |
_aPhysics _vHandbooks, manuals, etc. _2BUEsh _939929 |
|
| 650 | 7 |
_aMolecules _vHandbooks, manuals, etc. _2BUEsh _939930 |
|
| 650 | 7 |
_aOptics _vHandbooks, manuals, etc. _2BUEsh _939931 |
|
| 651 | _2BUEsh | ||
| 653 |
_bENGGEN _cMay2016 |
||
| 655 | _vReading book | ||
| 700 | 1 |
_aDrake, Gordon W. F., _eeditor. |
|
| 942 |
_2ddc _cBB |
||
| 999 |
_c21703 _d21675 |
||